[Event "Deutsche Ländermeisterschaft 2022"]
[Site "Wiesbaden GER"]
[Date "2022.10.03"]
[Round "5"]
[White "Bosselmann, Tom Linus"]
[Black "Hänselmann, Hendrik"]
[Result "1/2-1/2"]
[Termination "normal"]
[Board "3.3"]
[WhiteElo "2061"]
[BlackElo "1989"]
[WhiteClock "00:18:08"]
[BlackClock "00:15:04"]
[WhiteTeam "Schleswig-Holstein"]
[BlackTeam "Baden 1"]
[PlyCount "87"]
[WhiteFideId "12983845"]
[BlackFideId "16232755"]
[EventCountry "GER"]
[EventRounds "7"]
[EventType "team-swiss"]
[EventDate "2022.09.30"]

1. d4 {[%clk 1:30:58]} Nf6 {[%clk 1:30:55]} 2. c4 {[%clk 1:31:23]} g6 {[%clk
1:31:21]} 3. Nc3 {[%clk 1:31:46]} Bg7 {[%clk 1:31:47]} 4. e4 {[%clk 1:32:10]}
d6 {[%clk 1:32:14]} 5. h3 {[%clk 1:32:34]} O-O {[%clk 1:32:36]} 6. Be3 {[%clk
1:33:00]} e5 {[%clk 1:29:58]} 7. d5 {[%clk 1:33:23]} Na6 {[%clk 1:30:00]} 8. g4
{[%clk 1:33:45]} Nc5 {[%clk 1:28:54]} 9. f3 {[%clk 1:34:08]} a5 {[%clk
1:28:18]} 10. Qd2 {[%clk 1:26:46]} Ne8 {[%clk 1:18:41]} 11. h4 {[%clk 1:23:35]}
f5 {[%clk 1:14:36]} 12. g5 {[%clk 1:17:53]} f4 {[%clk 1:09:00]} 13. Bf2 {[%clk
1:18:17]} Bh8 {[%clk 1:08:38]} 14. Nge2 {[%clk 1:03:22]} Ng7 {[%clk 1:08:03]}
15. Nc1 {[%clk 0:58:13]} b6 {[%clk 1:03:58]} 16. Rg1 {[%clk 0:52:46]} Nh5
{[%clk 1:00:50]} 17. Nd3 {[%clk 0:35:03]} Nxd3+ {[%clk 0:49:08]} 18. Bxd3
{[%clk 0:33:58]} Bd7 {[%clk 0:39:38]} 19. b3 {[%clk 0:33:13]} Rf7 {[%clk
0:31:47]} 20. a3 {[%clk 0:32:30]} Qb8 {[%clk 0:30:35]} 21. Qd1 {[%clk 0:31:42]}
Qb7 {[%clk 0:29:23]} 22. Kd2 {[%clk 0:29:43]} Rff8 {[%clk 0:26:49]} 23. Qc2
{[%clk 0:29:46]} Ra7 {[%clk 0:19:08]} 24. Ra2 {[%clk 0:28:55]} Rfa8 {[%clk
0:18:01]} 25. Rga1 {[%clk 0:27:00]} Bg7 {[%clk 0:15:15]} 26. b4 {[%clk
0:21:25]} axb4 {[%clk 0:14:51]} 27. axb4 {[%clk 0:21:53]} Bf8 {[%clk 0:14:54]}
28. Rxa7 {[%clk 0:16:04]} Rxa7 {[%clk 0:15:10]} 29. Rxa7 {[%clk 0:16:16]} Qxa7
{[%clk 0:15:35]} 30. Qa2 {[%clk 0:15:52]} Qxa2+ {[%clk 0:14:37]} 31. Nxa2
{[%clk 0:15:47]} Be7 {[%clk 0:13:46]} 32. Nc1 {[%clk 0:15:27]} h6 {[%clk
0:13:02]} 33. gxh6 {[%clk 0:15:16]} Ng3 {[%clk 0:13:09]} 34. c5 {[%clk
0:13:15]} bxc5 {[%clk 0:10:23]} 35. bxc5 {[%clk 0:13:43]} dxc5 {[%clk 0:07:08]}
36. Nb3 {[%clk 0:13:58]} Bxh4 {[%clk 0:06:51]} 37. Nxc5 {[%clk 0:12:55]} Bc8
{[%clk 0:04:41]} 38. Ba6 {[%clk 0:13:05]} Bh3 {[%clk 0:02:29]} 39. Bc4 {[%clk
0:09:54]} Kh7 {[%clk 0:01:24]} 40. Ke1 {[%clk 0:08:43]} Kxh6 {[%clk 0:00:39]}
41. Na6 {[%clk 0:08:29]} Bd8 {[%clk 0:00:32]} 42. Nb8 {[%clk 0:28:31]} g5
{[%clk 0:21:39]} 43. Bd3 {[%clk 0:20:04]} Kg6 {[%clk 0:15:04]} 44. Nc6 {[%clk
0:18:08]} 1/2-1/2

[Event "Deutsche Ländermeisterschaft 2022"]
[Site "Wiesbaden GER"]
[Date "2022.10.03"]
[Round "5"]
[White "Malinowsky, Levi"]
[Black "Basovskiy, Jana"]
[Result "0-1"]
[Termination "normal"]
[Board "3.5"]
[WhiteElo "1879"]
[BlackElo "1858"]
[WhiteClock "00:02:34"]
[BlackClock "00:02:21"]
[WhiteTeam "Schleswig-Holstein"]
[BlackTeam "Baden 1"]
[PlyCount "112"]
[WhiteFideId "16253094"]
[BlackFideId "16208617"]
[EventCountry "GER"]
[EventRounds "7"]
[EventType "team-swiss"]
[EventDate "2022.09.30"]

1. e4 {[%clk 1:30:56]} c5 {[%clk 1:30:57]} 2. Nf3 {[%clk 1:31:20]} e6 {[%clk
1:31:24]} 3. d3 {[%clk 1:31:23]} Nc6 {[%clk 1:31:21]} 4. g3 {[%clk 1:31:34]}
Nf6 {[%clk 1:30:21]} 5. Bg2 {[%clk 1:31:19]} Be7 {[%clk 1:28:34]} 6. O-O {[%clk
1:30:47]} d6 {[%clk 1:28:13]} 7. Re1 {[%clk 1:29:09]} O-O {[%clk 1:27:31]} 8.
c3 {[%clk 1:29:00]} e5 {[%clk 1:23:47]} 9. h3 {[%clk 1:26:39]} h6 {[%clk
1:20:50]} 10. d4 {[%clk 1:23:32]} cxd4 {[%clk 1:12:34]} 11. cxd4 {[%clk
1:23:52]} Qb6 {[%clk 1:12:35]} 12. d5 {[%clk 1:19:48]} Nb4 {[%clk 1:11:46]} 13.
a3 {[%clk 1:13:29]} Na6 {[%clk 1:12:08]} 14. Nc3 {[%clk 1:11:31]} Bd7 {[%clk
1:11:54]} 15. b4 {[%clk 1:10:18]} Rac8 {[%clk 1:11:15]} 16. Be3 {[%clk
1:08:35]} Qd8 {[%clk 1:09:32]} 17. Qd3 {[%clk 1:04:21]} Qc7 {[%clk 1:05:53]}
18. Rac1 {[%clk 1:02:20]} Qb8 {[%clk 1:06:14]} 19. Nd2 {[%clk 1:00:23]} Nc7
{[%clk 1:02:33]} 20. f4 {[%clk 0:57:46]} exf4 {[%clk 0:59:03]} 21. gxf4 {[%clk
0:57:20]} a6 {[%clk 0:54:57]} 22. a4 {[%clk 0:51:55]} Na8 {[%clk 0:51:28]} 23.
Bd4 {[%clk 0:49:13]} Bd8 {[%clk 0:51:08]} 24. e5 {[%clk 0:47:21]} dxe5 {[%clk
0:40:16]} 25. fxe5 {[%clk 0:47:28]} Nh5 {[%clk 0:40:20]} 26. e6 {[%clk
0:45:50]} fxe6 {[%clk 0:38:34]} 27. Qg6 {[%clk 0:33:17]} Qf4 {[%clk 0:28:17]}
28. Nf3 {[%clk 0:29:55]} Qf5 {[%clk 0:16:55]} 29. Qxf5 {[%clk 0:28:49]} exf5
{[%clk 0:17:19]} 30. Ne5 {[%clk 0:26:34]} Bf6 {[%clk 0:10:37]} 31. Bc5 {[%clk
0:24:55]} Rfd8 {[%clk 0:06:53]} 32. d6 {[%clk 0:21:14]} b6 {[%clk 0:05:24]} 33.
Bxa8 {[%clk 0:20:40]} bxc5 {[%clk 0:05:25]} 34. Bd5+ {[%clk 0:21:02]} Kh7
{[%clk 0:05:34]} 35. Nxd7 {[%clk 0:21:09]} Bd4+ {[%clk 0:04:21]} 36. Kh1 {[%clk
0:19:46]} cxb4 {[%clk 0:01:27]} 37. Ne2 {[%clk 0:14:23]} Rxc1 {[%clk 0:01:37]}
38. Rxc1 {[%clk 0:14:14]} Rxd7 {[%clk 0:01:21]} 39. Nxd4 {[%clk 0:14:03]} Rxd6
{[%clk 0:01:46]} 40. Bf3 {[%clk 0:12:51]} Rxd4 {[%clk 0:00:52]} 41. Bxh5 {[%clk
0:13:13]} Rh4 {[%clk 0:01:16]} 42. Bf3 {[%clk 0:13:18]} Rxh3+ {[%clk 0:28:23]}
43. Kg2 Rh4 44. Bc6 {[%clk 0:39:52]} Rd4 {[%clk 0:25:18]} 45. Rc5 {[%clk
0:37:43]} Kg6 {[%clk 0:17:06]} 46. Ra5 {[%clk 0:23:50]} Kg5 {[%clk 0:17:06]}
47. Rxa6 {[%clk 0:23:50]} b3 {[%clk 0:16:17]} 48. Be8 {[%clk 0:21:20]} Rb4
{[%clk 0:15:02]} 49. Kg3 {[%clk 0:14:49]} f4+ {[%clk 0:13:20]} 50. Kf3 {[%clk
0:14:35]} b2 {[%clk 0:12:49]} 51. Rg6+ {[%clk 0:09:14]} Kh4 {[%clk 0:04:01]}
52. Rg4+ {[%clk 0:09:37]} Kh3 {[%clk 0:04:28]} 53. Bd7 {[%clk 0:09:04]} b1=Q
{[%clk 0:03:27]} 54. Rg1+ {[%clk 0:04:00]} Kh4 {[%clk 0:02:03]} 55. Rg4+ {[%clk
0:02:53]} Kh5 {[%clk 0:01:56]} 56. Be8+ {[%clk 0:02:34]} g6 {[%clk 0:02:21]}
0-1

[Event "Deutsche Ländermeisterschaft 2022"]
[Site "Wiesbaden GER"]
[Date "2022.10.03"]
[Round "5"]
[White "Skembris, Simon Max"]
[Black "Bräutigam, Katerina"]
[Result "1/2-1/2"]
[Termination "normal"]
[Board "3.6"]
[WhiteElo "1540"]
[BlackElo "1873"]
[WhiteClock "01:00:05"]
[BlackClock "00:00:49"]
[WhiteTeam "Baden 1"]
[BlackTeam "Schleswig-Holstein"]
[PlyCount "122"]
[WhiteFideId "16281381"]
[BlackFideId "16242980"]
[EventCountry "GER"]
[EventRounds "7"]
[EventType "team-swiss"]
[EventDate "2022.09.30"]

1. e4 {[%clk 1:30:57]} c6 {[%clk 1:30:57]} 2. d4 {[%clk 1:31:21]} d5 {[%clk
1:31:20]} 3. Nc3 {[%clk 1:31:45]} dxe4 {[%clk 1:31:40]} 4. Nxe4 {[%clk
1:32:07]} Bf5 {[%clk 1:32:04]} 5. Ng3 {[%clk 1:32:30]} Bg6 {[%clk 1:32:27]} 6.
h4 {[%clk 1:32:54]} h6 {[%clk 1:32:53]} 7. Nf3 {[%clk 1:33:16]} Nd7 {[%clk
1:33:17]} 8. h5 {[%clk 1:33:35]} Bh7 {[%clk 1:33:43]} 9. Bd3 {[%clk 1:33:46]}
Bxd3 {[%clk 1:34:09]} 10. Qxd3 {[%clk 1:34:11]} e6 {[%clk 1:34:32]} 11. Bd2
{[%clk 1:33:57]} Ngf6 {[%clk 1:34:55]} 12. O-O-O {[%clk 1:33:45]} Be7 {[%clk
1:35:18]} 13. Kb1 {[%clk 1:33:43]} O-O {[%clk 1:35:40]} 14. Ne4 {[%clk
1:33:20]} Nxe4 {[%clk 1:36:03]} 15. Qxe4 {[%clk 1:33:47]} Nf6 {[%clk 1:36:23]}
16. Qe2 {[%clk 1:33:31]} Qd5 {[%clk 1:36:42]} 17. Ne5 {[%clk 1:32:46]} Qe4
{[%clk 1:35:08]} 18. Qxe4 {[%clk 1:33:05]} Nxe4 {[%clk 1:35:32]} 19. Be1 {[%clk
1:33:11]} Rfd8 {[%clk 1:20:16]} 20. f3 {[%clk 1:32:01]} Nf6 {[%clk 1:18:47]}
21. g4 {[%clk 1:28:47]} Nd7 {[%clk 0:58:39]} 22. Bg3 {[%clk 1:21:01]} Bd6
{[%clk 0:46:54]} 23. Bh4 {[%clk 1:16:01]} f6 {[%clk 0:40:38]} 24. Nxd7 {[%clk
1:11:47]} Rxd7 {[%clk 0:40:54]} 25. Rhe1 {[%clk 1:10:54]} Kf7 {[%clk 0:39:10]}
26. c3 {[%clk 1:09:38]} Bc7 {[%clk 0:28:50]} 27. Kc2 {[%clk 1:08:13]} Rad8
{[%clk 0:28:47]} 28. Bf2 {[%clk 1:04:05]} a6 {[%clk 0:23:14]} 29. Re2 {[%clk
0:59:32]} Bf4 {[%clk 0:15:27]} 30. Be3 {[%clk 0:52:50]} Bxe3 {[%clk 0:13:08]}
31. Rxe3 {[%clk 0:53:13]} e5 {[%clk 0:10:14]} 32. Red3 {[%clk 0:52:21]} exd4
{[%clk 0:10:05]} 33. Rxd4 {[%clk 0:51:20]} Rxd4 {[%clk 0:10:20]} 34. Rxd4
{[%clk 0:50:43]} Rxd4 {[%clk 0:10:41]} 35. cxd4 {[%clk 0:51:07]} f5 {[%clk
0:04:44]} 36. Kd3 {[%clk 0:49:39]} Kf6 {[%clk 0:04:09]} 37. Kc4 {[%clk
0:45:10]} b6 {[%clk 0:01:07]} 38. a4 {[%clk 0:44:55]} fxg4 {[%clk 0:00:41]} 39.
fxg4 {[%clk 0:45:08]} Ke6 {[%clk 0:00:36]} 40. a5 {[%clk 0:43:10]} bxa5 {[%clk
0:00:48]} 41. Kc5 {[%clk 0:43:09]} Kd7 {[%clk 0:00:47]} 42. b3 {[%clk 0:35:11]}
Kc7 {[%clk 0:23:02]} 43. d5 {[%clk 1:05:00]} cxd5 {[%clk 0:22:58]} 44. Kxd5
{[%clk 1:05:24]} Kd7 {[%clk 0:21:25]} 45. Kc5 {[%clk 1:02:03]} Kc7 {[%clk
0:19:08]} 46. Kd5 {[%clk 1:01:26]} Kd7 {[%clk 0:08:39]} 47. Ke5 {[%clk
0:58:07]} Ke7 {[%clk 0:07:53]} 48. Kf5 {[%clk 0:57:07]} Kf7 {[%clk 0:06:31]}
49. g5 {[%clk 0:56:44]} hxg5 {[%clk 0:06:46]} 50. Kxg5 {[%clk 0:57:04]} Ke7
{[%clk 0:05:03]} 51. Kg6 {[%clk 0:57:00]} Kf8 {[%clk 0:05:26]} 52. h6 {[%clk
0:56:41]} gxh6 {[%clk 0:05:48]} 53. Kxh6 {[%clk 0:57:08]} Ke7 {[%clk 0:06:08]}
54. Kg5 {[%clk 0:57:29]} Kd6 {[%clk 0:06:18]} 55. Kf4 {[%clk 0:57:54]} Kc5
{[%clk 0:01:45]} 56. Ke3 {[%clk 0:58:14]} Kb4 {[%clk 0:01:57]} 57. Kd2 {[%clk
0:58:39]} Ka3 {[%clk 0:00:56]} 58. Kc1 {[%clk 0:59:01]} Ka2 {[%clk 0:01:13]}
59. Kc2 {[%clk 0:59:27]} Ka1 {[%clk 0:01:27]} 60. Kc1 {[%clk 0:59:45]} Ka2
{[%clk 0:01:36]} 61. Kc2 {[%clk 1:00:05]} Ka1 {[%clk 0:00:49]} 1/2-1/2

[Event "Deutsche Ländermeisterschaft 2022"]
[Site "Wiesbaden GER"]
[Date "2022.10.03"]
[Round "5"]
[White "Guo, Philipp Ziming"]
[Black "Haug, Mara"]
[Result "1-0"]
[Termination "normal"]
[Board "3.7"]
[WhiteElo "1851"]
[BlackElo "1611"]
[WhiteClock "00:22:19"]
[BlackClock "00:02:37"]
[WhiteTeam "Schleswig-Holstein"]
[BlackTeam "Baden 1"]
[PlyCount "77"]
[WhiteFideId "16245199"]
[BlackFideId "16259300"]
[EventCountry "GER"]
[EventRounds "7"]
[EventType "team-swiss"]
[EventDate "2022.09.30"]

1. e4 {[%clk 1:30:57]} c5 {[%clk 1:30:50]} 2. Nf3 {[%clk 1:31:14]} Nc6 {[%clk
1:31:13]} 3. d4 {[%clk 1:31:39]} cxd4 {[%clk 1:31:34]} 4. Nxd4 {[%clk 1:32:02]}
g6 {[%clk 1:31:53]} 5. c4 {[%clk 1:32:18]} Bg7 {[%clk 1:32:15]} 6. Be3 {[%clk
1:32:37]} Nf6 {[%clk 1:32:39]} 7. Nc3 {[%clk 1:32:59]} Ng4 {[%clk 1:32:57]} 8.
Qxg4 {[%clk 1:33:10]} Nxd4 {[%clk 1:33:20]} 9. Qd1 {[%clk 1:33:24]} e5 {[%clk
1:33:45]} 10. Bd3 {[%clk 1:33:35]} O-O {[%clk 1:33:52]} 11. O-O {[%clk
1:33:43]} b6 {[%clk 1:31:28]} 12. Qd2 {[%clk 1:29:48]} Bb7 {[%clk 1:29:19]} 13.
Rad1 {[%clk 1:26:08]} Re8 {[%clk 1:24:01]} 14. Bb1 {[%clk 1:21:02]} Rc8 {[%clk
1:10:54]} 15. b3 {[%clk 1:20:49]} a6 {[%clk 1:09:02]} 16. Rfe1 {[%clk 1:15:24]}
Re7 {[%clk 1:00:18]} 17. f3 {[%clk 1:10:18]} Ne6 {[%clk 0:58:13]} 18. Rc1
{[%clk 1:03:22]} Nc5 {[%clk 0:47:00]} 19. Qf2 {[%clk 0:57:21]} d6 {[%clk
0:40:10]} 20. Red1 {[%clk 0:54:00]} a5 {[%clk 0:30:33]} 21. Bc2 {[%clk
0:48:43]} Re6 {[%clk 0:26:51]} 22. a3 {[%clk 0:46:38]} Bf8 {[%clk 0:19:47]} 23.
b4 {[%clk 0:44:06]} axb4 {[%clk 0:16:52]} 24. axb4 {[%clk 0:44:29]} Nd7 {[%clk
0:17:15]} 25. Bb3 {[%clk 0:44:23]} Bc6 {[%clk 0:14:08]} 26. c5 {[%clk 0:43:28]}
Re8 {[%clk 0:12:11]} 27. cxd6 {[%clk 0:39:51]} b5 {[%clk 0:11:25]} 28. Qa2
{[%clk 0:35:22]} Qf6 {[%clk 0:09:28]} 29. Qd2 {[%clk 0:34:18]} Kh8 {[%clk
0:04:36]} 30. Bg5 {[%clk 0:32:49]} Qg7 {[%clk 0:04:40]} 31. Qd3 {[%clk
0:31:06]} Rb8 {[%clk 0:04:18]} 32. Nd5 {[%clk 0:26:22]} Rec8 {[%clk 0:02:43]}
33. Nc7 {[%clk 0:25:52]} Rb6 {[%clk 0:02:13]} 34. Be3 {[%clk 0:26:06]} Ba8
{[%clk 0:01:29]} 35. Bxb6 {[%clk 0:25:37]} Nxb6 {[%clk 0:01:56]} 36. d7 {[%clk
0:24:15]} Rd8 {[%clk 0:02:19]} 37. Qxb5 {[%clk 0:22:24]} Nxd7 {[%clk 0:02:12]}
38. Nxa8 {[%clk 0:22:11]} Rxa8 {[%clk 0:02:37]} 39. Qxd7 {[%clk 0:22:19]} 1-0

[Event "Deutsche Ländermeisterschaft 2022"]
[Site "Wiesbaden GER"]
[Date "2022.10.03"]
[Round "5"]
[White "Petrovskiy, Vadim"]
[Black "Burian, Simon"]
[Result "1-0"]
[Termination "normal"]
[Board "4.1"]
[WhiteTitle "FM"]
[WhiteElo "2320"]
[BlackElo "2196"]
[WhiteClock "00:15:50"]
[BlackClock "00:06:38"]
[WhiteTeam "Hessen"]
[BlackTeam "Sachsen"]
[PlyCount "69"]
[WhiteFideId "14165210"]
[BlackFideId "12956902"]
[EventCountry "GER"]
[EventRounds "7"]
[EventType "team-swiss"]
[EventDate "2022.09.30"]

1. e4 {[%clk 1:30:57]} e5 {[%clk 1:30:52]} 2. Nf3 {[%clk 1:30:18]} Nc6 {[%clk
1:31:16]} 3. Bb5 {[%clk 1:30:06]} g6 {[%clk 1:31:38]} 4. c3 {[%clk 1:29:07]} a6
{[%clk 1:31:59]} 5. Ba4 {[%clk 1:29:01]} d6 {[%clk 1:32:05]} 6. d4 {[%clk
1:29:00]} Bd7 {[%clk 1:32:14]} 7. O-O {[%clk 1:27:36]} Bg7 {[%clk 1:32:19]} 8.
d5 {[%clk 1:24:13]} Nce7 {[%clk 1:29:30]} 9. Bxd7+ {[%clk 1:19:44]} Qxd7 {[%clk
1:29:52]} 10. c4 {[%clk 1:20:04]} Nf6 {[%clk 1:24:07]} 11. Nc3 {[%clk 1:20:04]}
O-O {[%clk 1:23:36]} 12. Ne1 {[%clk 1:18:18]} b5 {[%clk 1:17:31]} 13. cxb5
{[%clk 1:07:07]} axb5 {[%clk 1:17:54]} 14. Nc2 {[%clk 0:55:44]} c6 {[%clk
0:51:40]} 15. dxc6 {[%clk 0:54:37]} Qxc6 {[%clk 0:51:41]} 16. Bg5 {[%clk
0:54:38]} h6 {[%clk 0:44:31]} 17. Bxf6 {[%clk 0:54:50]} Bxf6 {[%clk 0:44:57]}
18. g3 {[%clk 0:43:52]} Qc5 {[%clk 0:39:42]} 19. Ne3 {[%clk 0:36:40]} Bg5
{[%clk 0:36:49]} 20. Ncd5 {[%clk 0:33:41]} Nxd5 {[%clk 0:36:14]} 21. Nxd5
{[%clk 0:34:08]} Ra4 {[%clk 0:34:29]} 22. b4 {[%clk 0:27:48]} Qa7 {[%clk
0:32:09]} 23. Qe2 {[%clk 0:27:31]} Rb8 {[%clk 0:22:18]} 24. Rfb1 {[%clk
0:20:58]} Ra3 {[%clk 0:20:06]} 25. Rb2 {[%clk 0:19:45]} Bd8 {[%clk 0:17:05]}
26. Rc1 {[%clk 0:18:44]} Bb6 27. Rc6 {[%clk 0:18:35]} Ra6 {[%clk 0:10:04]} 28.
Rbc2 {[%clk 0:16:21]} Bd8 {[%clk 0:06:34]} 29. Rc8 {[%clk 0:14:13]} Kg7 {[%clk
0:06:34]} 30. Rxd8 {[%clk 0:14:42]} Rxd8 {[%clk 0:06:51]} 31. Rc7 Qb8 {[%clk
0:05:58]} 32. Qf3 {[%clk 0:14:58]} Rf8 {[%clk 0:06:19]} 33. Qf6+ {[%clk
0:15:22]} Kg8 {[%clk 0:06:21]} 34. Ne7+ {[%clk 0:15:28]} Kh7 {[%clk 0:06:38]}
35. Rc8 {[%clk 0:15:50]} 1-0

[Event "Deutsche Ländermeisterschaft 2022"]
[Site "Wiesbaden GER"]
[Date "2022.10.03"]
[Round "5"]
[White "Laux, Dominik"]
[Black "Heinrich, John"]
[Result "1/2-1/2"]
[Termination "normal"]
[Board "4.3"]
[WhiteTitle "FM"]
[WhiteElo "2248"]
[BlackElo "2139"]
[WhiteClock "00:04:09"]
[BlackClock "00:03:27"]
[WhiteTeam "Hessen"]
[BlackTeam "Sachsen"]
[PlyCount "70"]
[WhiteFideId "12994219"]
[BlackFideId "16259491"]
[EventCountry "GER"]
[EventRounds "7"]
[EventType "team-swiss"]
[EventDate "2022.09.30"]

1. e4 {[%clk 1:30:36]} c5 {[%clk 1:30:49]} 2. Nf3 {[%clk 1:30:58]} d6 {[%clk
1:31:11]} 3. d4 {[%clk 1:30:45]} cxd4 {[%clk 1:31:30]} 4. Nxd4 {[%clk 1:31:13]}
Nf6 {[%clk 1:31:34]} 5. Nc3 {[%clk 1:31:27]} a6 {[%clk 1:31:48]} 6. Bd3 {[%clk
1:30:56]} Nc6 {[%clk 1:30:57]} 7. Nxc6 {[%clk 1:29:12]} bxc6 {[%clk 1:31:20]}
8. O-O {[%clk 1:28:11]} g6 {[%clk 1:30:52]} 9. Na4 {[%clk 1:18:48]} Bg7 {[%clk
1:20:49]} 10. Qe1 {[%clk 1:14:21]} O-O {[%clk 1:13:21]} 11. Bd2 {[%clk
1:08:27]} Nd7 {[%clk 0:53:56]} 12. Ba5 {[%clk 1:07:33]} Qe8 {[%clk 0:53:09]}
13. f4 {[%clk 0:58:48]} c5 {[%clk 0:48:08]} 14. Kh1 {[%clk 0:52:15]} Ne5 {[%clk
0:36:32]} 15. fxe5 {[%clk 0:47:54]} Qxa4 {[%clk 0:36:28]} 16. exd6 {[%clk
0:47:10]} exd6 {[%clk 0:35:33]} 17. Bc3 {[%clk 0:46:26]} Be6 {[%clk 0:33:07]}
18. Bxg7 {[%clk 0:43:24]} Kxg7 {[%clk 0:33:04]} 19. Qc3+ {[%clk 0:42:55]} f6
{[%clk 0:31:08]} 20. Rad1 {[%clk 0:38:29]} Qb4 {[%clk 0:25:18]} 21. Qxb4 {[%clk
0:34:58]} cxb4 {[%clk 0:25:41]} 22. Be2 {[%clk 0:31:28]} Rfd8 {[%clk 0:25:36]}
23. Rd4 {[%clk 0:28:01]} a5 {[%clk 0:24:42]} 24. Ra1 {[%clk 0:21:50]} Rac8
{[%clk 0:23:35]} 25. Bd3 {[%clk 0:21:23]} f5 {[%clk 0:17:58]} 26. a3 {[%clk
0:17:24]} bxa3 {[%clk 0:15:25]} 27. Rxa3 {[%clk 0:17:37]} Rc5 {[%clk 0:15:39]}
28. h3 {[%clk 0:14:14]} Kf6 {[%clk 0:12:37]} 29. Rda4 {[%clk 0:12:58]} Rb8
{[%clk 0:11:36]} 30. b3 {[%clk 0:09:26]} fxe4 {[%clk 0:10:26]} 31. Bxe4 {[%clk
0:09:54]} Bf5 {[%clk 0:06:11]} 32. Bxf5 {[%clk 0:09:43]} gxf5 {[%clk 0:06:26]}
33. c4 {[%clk 0:07:21]} Re5 {[%clk 0:03:27]} 34. Kg1 {[%clk 0:04:24]} Re3
{[%clk 0:03:27]} 35. Rxa5 {[%clk 0:04:09]} Ke5 1/2-1/2

[Event "Deutsche Ländermeisterschaft 2022"]
[Site "Wiesbaden GER"]
[Date "2022.10.03"]
[Round "5"]
[White "Buchinger, Alexis"]
[Black "Neuhoff, Laertes"]
[Result "1-0"]
[Termination "normal"]
[Board "4.5"]
[WhiteElo "1802"]
[BlackElo "1885"]
[WhiteClock "00:03:27"]
[BlackClock "00:01:17"]
[WhiteTeam "Hessen"]
[BlackTeam "Sachsen"]
[PlyCount "79"]
[WhiteFideId "16287134"]
[BlackFideId "16279719"]
[EventCountry "GER"]
[EventRounds "7"]
[EventType "team-swiss"]
[EventDate "2022.09.30"]

1. e4 {[%clk 1:30:57]} e5 {[%clk 1:30:54]} 2. Nf3 {[%clk 1:31:23]} Nc6 {[%clk
1:31:18]} 3. d4 {[%clk 1:31:35]} exd4 {[%clk 1:31:35]} 4. Nxd4 {[%clk 1:31:59]}
Nf6 {[%clk 1:31:55]} 5. Nc3 {[%clk 1:32:22]} Bb4 {[%clk 1:32:19]} 6. Nxc6
{[%clk 1:32:47]} bxc6 {[%clk 1:32:47]} 7. Bd3 {[%clk 1:33:10]} d5 {[%clk
1:33:06]} 8. exd5 {[%clk 1:33:36]} cxd5 {[%clk 1:33:33]} 9. O-O {[%clk
1:33:52]} O-O {[%clk 1:33:56]} 10. h3 {[%clk 1:33:48]} h6 {[%clk 1:25:32]} 11.
Qf3 {[%clk 1:30:49]} Be6 {[%clk 1:20:54]} 12. Bf4 {[%clk 1:25:15]} Bd6 {[%clk
1:12:31]} 13. Ne2 {[%clk 1:22:48]} c5 {[%clk 1:05:01]} 14. c3 {[%clk 1:20:37]}
Rb8 {[%clk 1:01:50]} 15. b3 {[%clk 1:17:32]} c4 {[%clk 0:57:52]} 16. Bc2 {[%clk
1:08:03]} Bxf4 {[%clk 0:50:48]} 17. Nxf4 {[%clk 1:05:59]} Qc7 {[%clk 0:46:00]}
18. Rfe1 {[%clk 0:59:23]} Rb6 {[%clk 0:42:04]} 19. Rad1 {[%clk 0:58:24]} Rd6
{[%clk 0:35:35]} 20. b4 {[%clk 0:55:12]} Rfd8 {[%clk 0:34:41]} 21. Ne2 {[%clk
0:52:42]} Qb6 {[%clk 0:16:19]} 22. Nd4 {[%clk 0:51:09]} Nd7 {[%clk 0:13:35]}
23. Qe3 {[%clk 0:43:34]} Nf8 {[%clk 0:13:02]} 24. Kh1 {[%clk 0:39:15]} Re8
{[%clk 0:11:40]} 25. Qg3 {[%clk 0:34:53]} Rdd8 {[%clk 0:11:24]} 26. f4 {[%clk
0:32:01]} Bc8 {[%clk 0:09:25]} 27. f5 {[%clk 0:25:09]} Nd7 {[%clk 0:06:06]} 28.
Rxe8+ {[%clk 0:22:49]} Rxe8 {[%clk 0:06:20]} 29. Re1 {[%clk 0:22:43]} Rf8
{[%clk 0:04:26]} 30. Re7 {[%clk 0:19:51]} Qf6 {[%clk 0:04:12]} 31. Qe3 {[%clk
0:19:40]} Rd8 {[%clk 0:03:11]} 32. Re8+ {[%clk 0:18:03]} Kh7 {[%clk 0:03:15]}
33. Rxd8 {[%clk 0:17:54]} Qxd8 {[%clk 0:03:34]} 34. f6+ {[%clk 0:16:58]} g6
{[%clk 0:03:30]} 35. Qe7 {[%clk 0:12:18]} Qf8 {[%clk 0:03:18]} 36. Ba4 Kg8
{[%clk 0:02:48]} 37. Nc6 {[%clk 0:11:55]} a6 {[%clk 0:02:16]} 38. Bc2 {[%clk
0:06:31]} h5 {[%clk 0:01:34]} 39. h4 {[%clk 0:05:45]} Kh7 {[%clk 0:01:17]} 40.
Na7 {[%clk 0:03:27]} 1-0

[Event "Deutsche Ländermeisterschaft 2022"]
[Site "Wiesbaden GER"]
[Date "2022.10.03"]
[Round "5"]
[White "Müller, Magnus"]
[Black "Lange, Jannis"]
[Result "0-1"]
[Termination "normal"]
[Board "5.2"]
[WhiteElo "2004"]
[BlackElo "2085"]
[WhiteClock "00:13:34"]
[BlackClock "00:07:09"]
[WhiteTeam "Thüringen"]
[BlackTeam "Mecklenburg-Vorpommern"]
[PlyCount "58"]
[WhiteFideId "16230060"]
[BlackFideId "12993107"]
[EventCountry "GER"]
[EventRounds "7"]
[EventType "team-swiss"]
[EventDate "2022.09.30"]

1. d4 {[%clk 1:30:23]} Nf6 {[%clk 1:30:54]} 2. Nc3 {[%clk 1:30:40]} d5 {[%clk
1:29:28]} 3. Bf4 {[%clk 1:31:05]} c5 {[%clk 1:28:27]} 4. e4 {[%clk 1:31:16]} e6
{[%clk 1:21:14]} 5. Nb5 {[%clk 1:16:00]} Na6 {[%clk 1:21:24]} 6. e5 {[%clk
1:16:03]} Nd7 {[%clk 1:20:22]} 7. c3 {[%clk 1:10:01]} cxd4 {[%clk 1:00:19]} 8.
cxd4 {[%clk 1:06:22]} Bb4+ {[%clk 0:51:41]} 9. Bd2 {[%clk 1:06:08]} O-O {[%clk
0:46:09]} 10. f4 {[%clk 0:59:19]} Be7 {[%clk 0:43:39]} 11. Qb3 {[%clk 0:52:28]}
Ndb8 {[%clk 0:29:15]} 12. Nf3 {[%clk 0:52:01]} Nc6 {[%clk 0:29:33]} 13. a3
{[%clk 0:49:48]} Nc7 {[%clk 0:29:25]} 14. Nxc7 {[%clk 0:44:40]} Qxc7 {[%clk
0:29:50]} 15. Rc1 {[%clk 0:44:55]} Qd8 {[%clk 0:25:18]} 16. Bd3 {[%clk
0:44:17]} f5 {[%clk 0:18:01]} 17. exf6 {[%clk 0:39:47]} gxf6 {[%clk 0:17:33]}
18. O-O {[%clk 0:37:54]} Rf7 {[%clk 0:17:12]} 19. Bc3 {[%clk 0:36:41]} Rg7
{[%clk 0:11:43]} 20. Rce1 {[%clk 0:35:47]} Kh8 {[%clk 0:11:50]} 21. f5 {[%clk
0:30:11]} Qg8 {[%clk 0:12:02]} 22. Re2 {[%clk 0:28:17]} Bd6 {[%clk 0:12:23]}
23. Qc2 {[%clk 0:24:00]} exf5 {[%clk 0:10:04]} 24. Bxf5 {[%clk 0:21:34]} Ne7
{[%clk 0:09:53]} 25. Bxc8 {[%clk 0:19:54]} Rxc8 {[%clk 0:07:33]} 26. Nh4 {[%clk
0:14:50]} Rf8 27. Nf5 Nxf5 {[%clk 0:07:23]} 28. Qxf5 {[%clk 0:15:15]} Re8
{[%clk 0:06:49]} 29. Rxe8 {[%clk 0:13:34]} Rxg2+ {[%clk 0:07:09]} 0-1